• 首页
  • 本馆介绍
  • 公告通知
  • 最新文献
  • 馆藏检索
  • 电子资源
  • 读者导购
  • 参考咨询
  • 我的图书馆
  • 登录
  • 详细信息显示
  • 放入我的书架
  • 预约/预借图书
  • 作者相关作品
  • 分类相关作品
  • 丛书相关作品
  • 出版社相关作品

书目信息

  • 表格格式
  • 工作单格式
  • 卡片格式
题名:
薛瑞萍班级日志
    
 
作者: 薛瑞萍 著
分册:  
出版信息: 桂林   广西师范大学出版社  2014.01
页数: 199页
开本: 24cm
丛书名:
单 册:
中图分类: G623.202
科图分类:
主题词: 小学语文课--Xiao Xue Yu Wen Ke--教学研究 , 小学语文课--Xiao Xue Yu Wen Ke , 教学研究--Jiao Xue Yan Jiu
电子资源:
ISBN: 978-7-5495-0576-0
000 00929nam0 2200265 450
001 0103152642
005 20201103152729.0
010    @a978-7-5495-0576-0@dCNY32.00
100    @a20140429e20182014em y0chiy50 ea
101 0  @achi
102    @aCN@b450000
105    @ay z 000yy
106    @ar
200 1  @a薛瑞萍班级日志@AXue Rui Ping Ban Ji Ri Zhi@e教六年级的日子@f薛瑞萍著
210    @a桂林@c广西师范大学出版社@d2014.01@h2018.06
215    @a199页@d24cm
300    @a薛瑞萍班级日志亲近母语
330    @a本书是关于母语教学及班级成长记录。全书共分上学期和下学期两个部分,上学期五个月,下学期四个月。书本按日记的形式的记录。
606 0  @a小学语文课@AXiao Xue Yu Wen Ke@x教学研究
606 0  @a小学语文课@AXiao Xue Yu Wen Ke
606 0  @a教学研究@AJiao Xue Yan Jiu
690    @aG623.202@v5
701  0 @a薛瑞萍@AXue Rui Ping@c(女,@f1965~)@4著
801  0 @aCN@bBJSZM@c20201103
905    @b1255226-30@dG623.202@e1014@f5
    
    薛瑞萍班级日志:教六年级的日子/薛瑞萍著.-桂林:广西师范大学出版社,2014.01(2018.06)
    199页;24cm
    薛瑞萍班级日志亲近母语
    
    ISBN 978-7-5495-0576-0:CNY32.00
    本书是关于母语教学及班级成长记录。全书共分上学期和下学期两个部分,上学期五个月,下学期四个月。书本按日记的形式的记录。
●
相关链接 在E读中查询图书 在五车中查询图书 在当当中查询图书 在豆瓣中查询图书


正题名:薛瑞萍班级日志     索取号:G623.202/1014         预约/预借

序号 登录号 条形码 馆藏地/架位号 状态 备注
1 1255226   212552263   第一样本阅览室/ [索取号:G623.202/1014] 在馆    
2 1255227   212552272   教育系资料室/ [索取号:G623.202/1014] 在馆    
3 1255228   212552281   教育系资料室/ [索取号:G623.202/1014] 在馆    
4 1255229   212552290   第四借阅区/ [索取号:G623.202/1014] 在馆    
5 1255230   212552307   第四借阅区/ [索取号:G623.202/1014] 在馆    
唐山师范学院图书馆 欢迎您!
大连网信软件有限公司© 版权所有